読みが3モーラの市町村名 - Statistics

General Stats
  • This quiz has been taken 9 times
  • The average score is 365 of 639
Answer Stats
都道府県 市町村 % Correct
東京都 - 青梅市
100%
東京都 - 福生市
100%
北海道 - 小樽市
88%
北海道 - 北見市
88%
北海道 - 根室市
88%
北海道 礼文郡 礼文町
88%
北海道 利尻郡 利尻町
88%
岩手県 - 宮古市
88%
岩手県 - 二戸市
88%
秋田県 - 秋田市
88%
秋田県 - にかほ市
88%
茨城県 - 鹿嶋市
88%
栃木県 - 鹿沼市
88%
栃木県 - 小山市
88%
栃木県 - さくら市
88%
群馬県 - みどり市
88%
埼玉県 - 秩父市
88%
埼玉県 - 和光市
88%
千葉県 - 松戸市
88%
千葉県 - 佐倉市
88%
東京都 - 豊島区
88%
東京都 - 練馬区
88%
東京都 - 府中市
88%
東京都 - 羽村市
88%
新潟県 - 新発田市
88%
新潟県 - 燕市
88%
富山県 - 富山市
88%
福井県 - 福井市
88%
長野県 - 長野市
88%
長野県 - 上田市
88%
長野県 - 飯田市
88%
三重県 - 名張市
88%
京都府 - 京都市
88%
大阪府 - 和泉市
88%
鳥取県 - 米子市
88%
島根県 - 出雲市
88%
広島県 - 府中市
88%
北海道 - 留萌市
75%
北海道 - 江別市
75%
北海道 - 士別市
75%
北海道 - 名寄市
75%
北海道 - 三笠市
75%
北海道 - 富良野市
75%
北海道 - 恵庭市
75%
北海道 寿都郡 寿都町
75%
北海道 虻田郡 ニセコ町
75%
北海道 増毛郡 増毛町
75%
北海道 様似郡 様似町
75%
北海道 広尾郡 大樹町
75%
北海道 足寄郡 足寄町
75%
青森県 - 十和田市
75%
青森県 - 三沢市
75%
青森県 - つがる市
75%
青森県 三戸郡 五戸町
75%
岩手県 - 遠野市
75%
岩手県 岩手郡 岩手町
75%
宮城県 - 名取市
75%
秋田県 - 能代市
75%
秋田県 - 横手市
75%
秋田県 - 湯沢市
75%
山形県 - 酒田市
75%
福島県 - いわき市
75%
福島県 - 相馬市
75%
福島県 - 田村市
75%
茨城県 - 笠間市
75%
茨城県 - 取手市
75%
茨城県 - 牛久市
75%
茨城県 - つくば市
75%
茨城県 - 神栖市
75%
茨城県 - 鉾田市
75%
栃木県 - 栃木市
75%
栃木県 芳賀郡 茂木町
75%
埼玉県 - 行田市
75%
埼玉県 - 狭山市
75%
埼玉県 - 深谷市
75%
埼玉県 - 上尾市
75%
埼玉県 - 蕨市
75%
埼玉県 - 入間市
75%
埼玉県 - 朝霞市
75%
埼玉県 - 新座市
75%
埼玉県 比企郡 小川町
75%
千葉県 - 銚子市
75%
千葉県 - 旭市
75%
千葉県 - 八千代市
75%
千葉県 - 君津市
75%
東京都 - 千代田区
75%
東京都 - 港区
75%
東京都 - 目黒区
75%
東京都 - 大田区
75%
東京都 - 渋谷区
75%
東京都 - 中野区
75%
東京都 - 足立区
75%
東京都 - 清瀬市
75%
東京都 西多摩郡 瑞穂町
75%
東京都 - 三宅村
75%
神奈川県 - 厚木市
75%
神奈川県 - 大和市
75%
富山県 - 魚津市
75%
富山県 - 砺波市
75%
富山県 - 小矢部市
75%
富山県 - 南砺市
75%
富山県 - 射水市
75%
石川県 - 七尾市
75%
石川県 - 小松市
75%
石川県 - 輪島市
75%
福井県 - 敦賀市
75%
福井県 - 大野市
75%
福井県 - 鯖江市
75%
福井県 - あわら市
75%
長野県 - 千曲市
75%
岐阜県 - 多治見市
75%
静岡県 - 沼津市
75%
静岡県 - 島田市
75%
静岡県 - 下田市
75%
愛知県 - 豊田市
75%
愛知県 - 西尾市
75%
三重県 - 鈴鹿市
75%
三重県 - 尾鷲市
75%
三重県 - いなべ市
75%
滋賀県 - 彦根市
75%
滋賀県 - 草津市
75%
滋賀県 - 甲賀市
75%
京都府 - 宮津市
75%
大阪府 - 堺市
75%
大阪府 - 門真市
75%
大阪府 - 摂津市
75%
兵庫県 - 洲本市
75%
兵庫県 - 芦屋市
75%
兵庫県 - 丹波市
75%
兵庫県 - 淡路市
75%
兵庫県 - 宍粟市
75%
兵庫県 - たつの市
75%
奈良県 - 天理市
75%
奈良県 - 生駒市
75%
奈良県 吉野郡 吉野町
75%
和歌山県 - 有田市
75%
島根県 - 松江市
75%
島根県 - 浜田市
75%
島根県 - 益田市
75%
島根県 - 大田市
75%
島根県 - 安来市
75%
岡山県 - 津山市
75%
岡山県 - 井原市
75%
岡山県 - 新見市
75%
岡山県 - 備前市
75%
広島県 - 三原市
75%
広島県 - 三次市
75%
広島県 安芸郡 府中町
75%
徳島県 - 鳴門市
75%
徳島県 - 阿南市
75%
徳島県 - 三好市
75%
高知県 - 室戸市
75%
福岡県 - 久留米市
75%
福岡県 - 春日市
75%
佐賀県 - 鹿島市
75%
佐賀県 西松浦郡 有田町
75%
長崎県 - 佐世保市
75%
熊本県 上益城郡 益城町
75%
大分県 - 別府市
75%
大分県 - 中津市
75%
大分県 - 佐伯市
75%
大分県 - 臼杵市
75%
大分県 - 竹田市
75%
宮崎県 - 日向市
75%
鹿児島県 - 志布志市
75%
鹿児島県 - 奄美市
75%
鹿児島県 - 姶良市
75%
鹿児島県 鹿児島郡 十島村
75%
北海道 - 釧路市
63%
北海道 - 千歳市
63%
北海道 - 北斗市
63%
北海道 二海郡 八雲町
63%
北海道 檜山郡 江差町
63%
北海道 虻田郡 留寿都村
63%
北海道 古宇郡 泊村
63%
北海道 余市郡 余市町
63%
北海道 空知郡 奈井江町
63%
北海道 雨竜郡 雨竜町
63%
北海道 上川郡 美瑛町
63%
北海道 天塩郡 天塩町
63%
北海道 枝幸郡 枝幸町
63%
北海道 勇払郡 安平町
63%
北海道 沙流郡 日高町
63%
北海道 幌泉郡 えりも町
63%
北海道 河西郡 芽室町
63%
北海道 広尾郡 広尾町
63%
北海道 中川郡 池田町
63%
北海道 釧路郡 釧路町
63%
北海道 標津郡 標津町
63%
北海道 国後郡 泊村
63%
青森県 下北郡 大間町
63%
青森県 三戸郡 南部町
63%
岩手県 九戸郡 九戸村
63%
宮城県 柴田郡 柴田町
63%
山形県 - 寒河江市
63%
山形県 最上郡 最上町
63%
福島県 双葉郡 楢葉町
63%
福島県 双葉郡 双葉町
63%
福島県 双葉郡 浪江町
63%
茨城県 - 日立市
63%
茨城県 - 潮来市
63%
茨城県 - 守谷市
63%
栃木県 - 矢板市
63%
群馬県 - 桐生市
63%
群馬県 - 太田市
63%
群馬県 - 沼田市
63%
群馬県 多野郡 上野村
63%
群馬県 甘楽郡 甘楽町
63%
群馬県 吾妻郡 草津町
63%
埼玉県 - 富士見市
63%
埼玉県 - 蓮田市
63%
埼玉県 - 坂戸市
63%
埼玉県 - 幸手市
63%
埼玉県 - 日高市
63%
埼玉県 入間郡 三芳町
63%
埼玉県 入間郡 越生町
63%
埼玉県 秩父郡 皆野町
63%
埼玉県 秩父郡 小鹿野町
63%
埼玉県 大里郡 寄居町
63%
千葉県 - 茂原市
63%
千葉県 - 成田市
63%
千葉県 - 我孫子市
63%
千葉県 - 富津市
63%
千葉県 - 白井市
63%
千葉県 - 匝瑳市
63%
千葉県 - 香取市
63%
千葉県 - いすみ市
63%
千葉県 印旛郡 酒々井町
63%
千葉県 印旛郡 栄町
63%
東京都 - 墨田区
63%
東京都 - 三鷹市
63%
東京都 - 調布市
63%
東京都 - 町田市
63%
神奈川県 - 三浦市
63%
神奈川県 - 海老名市
63%
神奈川県 三浦郡 葉山町
63%
神奈川県 足柄上郡 大井町
63%
神奈川県 足柄上郡 松田町
63%
新潟県 - 見附市
63%
新潟県 - 阿賀野市
63%
新潟県 西蒲原郡 弥彦村
63%
新潟県 刈羽郡 刈羽村
63%
富山県 - 黒部市
63%
石川県 - 羽咋市
63%
石川県 - かほく市
63%
石川県 河北郡 津幡町
63%
福井県 - 小浜市
63%
福井県 - 坂井市
63%
福井県 今立郡 池田町
63%
福井県 三方郡 美浜町
63%
福井県 大飯郡 おおい町
63%
山梨県 - 甲府市
63%
山梨県 - 北杜市
63%
山梨県 南巨摩郡 南部町
63%
山梨県 中巨摩郡 昭和町
63%
山梨県 北都留郡 小菅村
63%
長野県 - 須坂市
63%
長野県 - 小諸市
63%
長野県 小県郡 青木村
63%
長野県 諏訪郡 富士見町
63%
長野県 北安曇郡 池田町
63%
長野県 北安曇郡 白馬村
63%
長野県 北安曇郡 小谷村
63%
長野県 埴科郡 坂城町
63%
長野県 上高井郡 小布施町
63%
長野県 下水内郡 栄村
63%
岐阜県 揖斐郡 池田町
63%
岐阜県 加茂郡 富加町
63%
静岡県 - 熱海市
63%
静岡県 - 三島市
63%
静岡県 - 磐田市
63%
静岡県 - 焼津市
63%
静岡県 - 湖西市
63%
愛知県 - 名古屋市
63%
愛知県 - 半田市
63%
愛知県 - 刈谷市
63%
愛知県 - 小牧市
63%
愛知県 - 大府市
63%
愛知県 - 清須市
63%
愛知県 - みよし市
63%
愛知県 海部郡 蟹江町
63%
愛知県 知多郡 美浜町
63%
三重県 - 桑名市
63%
三重県 - 熊野市
63%
三重県 三重郡 菰野町
63%
滋賀県 - 大津市
63%
京都府 - 向日市
63%
大阪府 - 池田市
63%
大阪府 - 箕面市
63%
兵庫県 - 神戸市
63%
兵庫県 - 姫路市
63%
兵庫県 - 明石市
63%
兵庫県 - 伊丹市
63%
兵庫県 - 赤穂市
63%
和歌山県 - 田辺市
63%
和歌山県 日高郡 美浜町
63%
和歌山県 日高郡 日高町
63%
鳥取県 八頭郡 若桜町
63%
鳥取県 西伯郡 南部町
63%
島根県 - 江津市
63%
岡山県 - 玉野市
63%
岡山県 - 総社市
63%
岡山県 - 真庭市
63%
山口県 - 光市
63%
山口県 - 長門市
63%
徳島県 板野郡 板野町
63%
愛媛県 - 大洲市
63%
高知県 - 宿毛市
63%
福岡県 - 田川市
63%
福岡県 - 豊前市
63%
福岡県 遠賀郡 遠賀町
63%
福岡県 京都郡 苅田町
63%
佐賀県 - 唐津市
63%
佐賀県 - 武雄市
63%
長崎県 - 平戸市
63%
長崎県 - 対馬市
63%
長崎県 - 五島市
63%
長崎県 西彼杵郡 時津町
63%
熊本県 - 山鹿市
63%
大分県 - 津久見市
63%
大分県 - 杵築市
63%
宮崎県 - えびの市
63%
鹿児島県 - 鹿屋市
63%
鹿児島県 - 出水市
63%
鹿児島県 鹿児島郡 三島村
63%
鹿児島県 大島郡 与論町
63%
沖縄県 - うるま市
63%
北海道 - 美唄市
50%
北海道 亀田郡 七飯町
50%
北海道 茅部郡 鹿部町
50%
北海道 久遠郡 せたな町
50%
北海道 雨竜郡 沼田町
50%
北海道 上川郡 鷹栖町
50%
北海道 上川郡 当麻町
50%
北海道 中川郡 美深町
50%
北海道 留萌郡 小平町
50%
北海道 苫前郡 羽幌町
50%
北海道 網走郡 美幌町
50%
北海道 常呂郡 置戸町
50%
北海道 常呂郡 佐呂間町
50%
北海道 勇払郡 厚真町
50%
北海道 上川郡 清水町
50%
北海道 川上郡 標茶町
50%
北海道 目梨郡 羅臼町
50%
青森県 北津軽郡 鶴田町
50%
青森県 上北郡 野辺地町
50%
青森県 三戸郡 田子町
50%
岩手県 紫波郡 矢巾町
50%
岩手県 下閉伊郡 普代村
50%
岩手県 九戸郡 洋野町
50%
宮城県 - 角田市
50%
宮城県 - 富谷市
50%
宮城県 刈田郡 蔵王町
50%
宮城県 亘理郡 亘理町
50%
宮城県 黒川郡 大和町
50%
宮城県 遠田郡 美里町
50%
秋田県 - 鹿角市
50%
秋田県 鹿角郡 小坂町
50%
秋田県 南秋田郡 井川町
50%
山形県 - 長井市
50%
山形県 西村山郡 河北町
50%
山形県 西村山郡 朝日町
50%
山形県 西置賜郡 小国町
50%
山形県 東田川郡 三川町
50%
福島県 伊達郡 桑折町
50%
福島県 伊達郡 国見町
50%
福島県 南会津郡 只見町
50%
福島県 大沼郡 昭和村
50%
福島県 西白河郡 矢吹町
50%
福島県 東白川郡 塙町
50%
福島県 石川郡 平田村
50%
福島県 相馬郡 新地町
50%
茨城県 - 結城市
50%
茨城県 久慈郡 大子町
50%
茨城県 結城郡 八千代町
50%
茨城県 猿島郡 境町
50%
栃木県 - 真岡市
50%
栃木県 芳賀郡 益子町
50%
栃木県 塩谷郡 塩谷町
50%
群馬県 多野郡 神流町
50%
群馬県 利根郡 川場村
50%
群馬県 利根郡 昭和村
50%
群馬県 邑楽郡 千代田町
50%
群馬県 邑楽郡 邑楽町
50%
埼玉県 - 羽生市
50%
埼玉県 - 草加市
50%
埼玉県 - 八潮市
50%
埼玉県 - 三郷市
50%
埼玉県 秩父郡 横瀬町
50%
埼玉県 児玉郡 美里町
50%
埼玉県 北葛飾郡 杉戸町
50%
千葉県 - 山武市
50%
千葉県 長生郡 白子町
50%
千葉県 長生郡 長柄町
50%
千葉県 安房郡 鋸南町
50%
東京都 - 狛江市
50%
東京都 - 稲城市
50%
東京都 西多摩郡 日の出町
50%
東京都 - 利島村
50%
神奈川県 - 秦野市
50%
神奈川県 - 綾瀬市
50%
神奈川県 足柄上郡 中井町
50%
神奈川県 足柄下郡 箱根町
50%
新潟県 - 小千谷市
50%
新潟県 - 五泉市
50%
新潟県 南魚沼郡 湯沢町
50%
新潟県 中魚沼郡 津南町
50%
富山県 下新川郡 朝日町
50%
福井県 三方上中郡 若狭町
50%
山梨県 南巨摩郡 身延町
50%
山梨県 南都留郡 道志村
50%
山梨県 南都留郡 忍野村
50%
長野県 - 岡谷市
50%
長野県 - 中野市
50%
長野県 - 東御市
50%
長野県 南佐久郡 佐久穂町
50%
長野県 北佐久郡 御代田町
50%
長野県 上伊那郡 辰野町
50%
長野県 上伊那郡 箕輪町
50%
長野県 上伊那郡 宮田村
50%
長野県 木曽郡 南木曽町
50%
長野県 東筑摩郡 朝日村
50%
長野県 上水内郡 信濃町
50%
岐阜県 - 羽島市
50%
岐阜県 - 瑞穂市
50%
岐阜県 - 本巣市
50%
岐阜県 - 郡上市
50%
岐阜県 - 海津市
50%
岐阜県 羽島郡 岐南町
50%
岐阜県 不破郡 垂井町
50%
岐阜県 安八郡 神戸町
50%
岐阜県 揖斐郡 大野町
50%
岐阜県 可児郡 御嵩町
50%
静岡県 - 伊東市
50%
静岡県 - 裾野市
50%
静岡県 賀茂郡 河津町
50%
静岡県 駿東郡 清水町
50%
静岡県 駿東郡 小山町
50%
静岡県 榛原郡 吉田町
50%
愛知県 - 津島市
50%
愛知県 - 知立市
50%
愛知県 - 田原市
50%
愛知県 - 弥富市
50%
愛知県 丹羽郡 扶桑町
50%
愛知県 知多郡 阿久比町
50%
愛知県 額田郡 幸田町
50%
愛知県 北設楽郡 豊根村
50%
三重県 三重郡 朝日町
50%
三重県 北牟婁郡 紀北町
50%
三重県 南牟婁郡 紀宝町
50%
滋賀県 - 湖南市
50%
京都府 - 綾部市
50%
京都府 相楽郡 精華町
50%
京都府 与謝郡 与謝野町
50%
大阪府 - 吹田市
50%
大阪府 - 交野市
50%
大阪府 泉南郡 田尻町
50%
兵庫県 - 三田市
50%
兵庫県 - 加西市
50%
兵庫県 - 朝来市
50%
兵庫県 - 加東市
50%
兵庫県 佐用郡 佐用町
50%
奈良県 - 五條市
50%
奈良県 - 香芝市
50%
奈良県 磯城郡 三宅町
50%
奈良県 北葛城郡 王寺町
50%
和歌山県 - 御坊市
50%
和歌山県 - 岩出市
50%
和歌山県 伊都郡 高野町
50%
和歌山県 日高郡 みなべ町
50%
和歌山県 西牟婁郡 すさみ町
50%
和歌山県 東牟婁郡 太地町
50%
鳥取県 岩美郡 岩美町
50%
鳥取県 東伯郡 三朝町
50%
鳥取県 西伯郡 伯耆町
50%
島根県 鹿足郡 津和野町
50%
広島県 安芸郡 海田町
50%
山口県 - 防府市
50%
山口県 - 柳井市
50%
香川県 - さぬき市
50%
愛媛県 西宇和郡 伊方町
50%
愛媛県 北宇和郡 鬼北町
50%
高知県 - 高知市
50%
高知県 - 須崎市
50%
高知県 安芸郡 奈半利町
50%
福岡県 - 筑後市
50%
福岡県 - 福津市
50%
福岡県 糟屋郡 粕屋町
50%
福岡県 鞍手郡 鞍手町
50%
福岡県 田川郡 香春町
50%
佐賀県 - 伊万里市
50%
熊本県 - 荒尾市
50%
熊本県 - 玉名市
50%
熊本県 - 菊池市
50%
熊本県 下益城郡 美里町
50%
熊本県 阿蘇郡 小国町
50%
熊本県 葦北郡 津奈木町
50%
宮崎県 - 串間市
50%
宮崎県 - 西都市
50%
鹿児島県 薩摩郡 さつま町
50%
鹿児島県 大島郡 大和村
50%
鹿児島県 大島郡 喜界町
50%
鹿児島県 大島郡 天城町
50%
沖縄県 国頭郡 本部町
50%
沖縄県 国頭郡 恩納村
50%
沖縄県 国頭郡 宜野座村
50%
沖縄県 島尻郡 座間味村
50%
沖縄県 島尻郡 粟国村
50%
沖縄県 島尻郡 渡名喜村
50%
沖縄県 島尻郡 伊平屋村
50%
沖縄県 島尻郡 伊是名村
50%
沖縄県 島尻郡 八重瀬町
50%
北海道 爾志郡 乙部町
38%
北海道 岩内郡 共和町
38%
北海道 上川郡 比布町
38%
北海道 網走郡 津別町
38%
北海道 紋別郡 雄武町
38%
北海道 勇払郡 むかわ町
38%
北海道 河東郡 士幌町
38%
北海道 阿寒郡 鶴居村
38%
北海道 択捉郡 留別村
38%
岩手県 下閉伊郡 山田町
38%
宮城県 柴田郡 村田町
38%
宮城県 加美郡 色麻町
38%
宮城県 遠田郡 涌谷町
38%
秋田県 山元郡 三種町
38%
秋田県 仙北郡 美郷町
38%
山形県 西村山郡 大江町
38%
山形県 最上郡 戸沢村
38%
山形県 西置賜郡 飯豊町
38%
福島県 大沼郡 三島町
38%
福島県 田村郡 三春町
38%
福島県 双葉郡 広野町
38%
茨城県 稲敷郡 河内町
38%
群馬県 邑楽郡 明和町
38%
埼玉県 比企郡 吉見町
38%
新潟県 南蒲原郡 田上町
38%
長野県 南佐久郡 小海町
38%
長野県 下伊那郡 阿南町
38%
長野県 下伊那郡 平谷村
38%
長野県 下伊那郡 売木村
38%
岐阜県 加茂郡 川辺町
38%
岐阜県 加茂郡 八百津町
38%
愛知県 北設楽郡 設楽町
38%
三重県 多気郡 明和町
38%
三重県 度会郡 玉城町
38%
三重県 度会郡 大紀町
38%
三重県 南牟婁郡 御浜町
38%
滋賀県 犬上郡 甲良町
38%
京都府 - 八幡市
38%
京都府 相楽郡 笠置町
38%
京都府 相楽郡 和束町
38%
大阪府 豊能郡 豊能町
38%
大阪府 泉南郡 岬町
38%
大阪府 南河内郡 太子町
38%
大阪府 南河内郡 河南町
38%
兵庫県 加古郡 播磨町
38%
兵庫県 揖保郡 太子町
38%
奈良県 生駒郡 平群町
38%
奈良県 生駒郡 安堵町
38%
奈良県 高市郡 明日香村
38%
奈良県 北葛城郡 河合町
38%
鳥取県 西伯郡 日吉津村
38%
島根県 邑智郡 美郷町
38%
島根県 鹿足郡 吉賀町
38%
広島県 安芸郡 熊野町
38%
山口県 熊毛郡 田布施町
38%
徳島県 名西郡 石井町
38%
徳島県 海部郡 美波町
38%
徳島県 美馬郡 つるぎ町
38%
香川県 - 三豊市
38%
香川県 綾歌郡 宇多津町
38%
香川県 仲多度郡 多度津町
38%
愛媛県 - 西予市
38%
愛媛県 伊予郡 松前町
38%
愛媛県 喜多郡 内子町
38%
愛媛県 北宇和郡 松野町
38%
高知県 安芸郡 馬路村
38%
高知県 幡多郡 三原村
38%
福岡県 - 中間市
38%
福岡県 - うきは市
38%
福岡県 - みやま市
38%
福岡県 遠賀郡 芦屋町
38%
福岡県 田川郡 添田町
38%
福岡県 田川郡 糸田町
38%
福岡県 京都郡 みやこ町
38%
福岡県 築上郡 上毛町
38%
佐賀県 三養基郡 基山町
38%
佐賀県 三養基郡 みやき町
38%
長崎県 西彼杵郡 長与町
38%
長崎県 東彼杵郡 波佐見町
38%
長崎県 北松浦郡 小値賀町
38%
熊本県 - 合志市
38%
熊本県 玉名郡 長洲町
38%
熊本県 菊池郡 大津町
38%
宮崎県 北諸県郡 三股町
38%
宮崎県 東臼杵郡 椎葉村
38%
宮崎県 東臼杵郡 美郷町
38%
鹿児島県 - 阿久根市
38%
鹿児島県 - 日置市
38%
鹿児島県 大島郡 宇検村
38%
鹿児島県 大島郡 伊仙町
38%
沖縄県 国頭郡 東村
38%
沖縄県 中頭郡 嘉手納町
38%
沖縄県 中頭郡 北谷町
38%
岩手県 気仙郡 住田町
25%
福島県 河沼郡 湯川村
25%
長野県 小県郡 長和町
25%
長野県 上水内郡 小川村
25%
兵庫県 加古郡 稲美町
25%
奈良県 宇陀郡 御杖村
25%
和歌山県 海草郡 紀美野町
25%
和歌山県 有田郡 湯浅町
25%
和歌山県 日高郡 印南町
25%
鳥取県 日野郡 江府町
25%
岡山県 久米郡 美咲町
25%
高知県 安芸郡 安田町
25%
高知県 高岡郡 日高村
25%
福岡県 鞍手郡 小竹町
25%
福岡県 三潴郡 大木町
25%
福岡県 田川郡 福智町
25%
熊本県 上益城郡 嘉島町
25%
熊本県 八代郡 氷川町
25%
熊本県 球磨郡 錦町
25%
熊本県 球磨郡 五木村
25%
熊本県 球磨郡 山江村
25%
宮崎県 西臼杵郡 五ヶ瀬町
25%
沖縄県 島尻郡 多良間村
25%
長野県 下伊那郡 喬木村
13%
岡山県 小田郡 矢掛町
13%
山口県 熊毛郡 平生町
13%
高知県 高岡郡 佐川町
13%
熊本県 玉名郡 和水町
13%
熊本県 上益城郡 御船町
13%
熊本県 上益城郡 甲佐町
13%
熊本県 上益城郡 山都町
13%
熊本県 球磨郡 多良木町
13%
熊本県 球磨郡 相良村
13%
宮崎県 児湯郡 木城町
13%
No matching quizzes found
Score Distribution
Percent of People with Each Score
Percentile by Number Answered
Your Score History
You have not taken this quiz